Social work in mental health : areas of practice, challenges and way forward (Record no. 14916)

MARC details
000 -LEADER
fixed length control field 00588 am a2200205 a 4500
001 - CONTROL NUMBER
control field 152077
003 - CONTROL NUMBER IDENTIFIER
control field OSt
005 - DATE AND TIME OF LATEST TRANSACTION
control field 20211224145747.0
008 - FIXED-LENGTH DATA ELEMENTS--GENERAL INFORMATION
fixed length control field 51211 ###
020 ## - INTERNATIONAL STANDARD BOOK NUMBER
International Standard Book Number 9788132117407
082 ## - DEWEY DECIMAL CLASSIFICATION NUMBER
Classification number 362.20425
Item number S13S
245 1# - TITLE STATEMENT
Title Social work in mental health : areas of practice, challenges and way forward
Statement of responsibility, etc edited by Abraham P. Francis
260 ## - PUBLICATION, DISTRIBUTION, ETC. (IMPRINT)
Place of publication, distribution, etc New Delhi
Name of publisher, distributor, etc Sage Publications
Date of publication, distribution, etc 2014
300 ## - PHYSICAL DESCRIPTION
Extent 358p.
653 ## - INDEX TERM--UNCONTROLLED
Uncontrolled term Economics
653 ## - INDEX TERM--UNCONTROLLED
Uncontrolled term Mental health
653 ## - INDEX TERM--UNCONTROLLED
Uncontrolled term Social challenges
700 ## - ADDED ENTRY--PERSONAL NAME
Personal name Francis, Abraham P.
Relator term Editor
942 ## - ADDED ENTRY ELEMENTS (KOHA)
Source of classification or shelving scheme Dewey Decimal Classification
Koha item type Books
Holdings
Withdrawn status Lost status Source of classification or shelving scheme Damaged status Not for loan Collection code Home library Current library Date acquired Source of acquisition Total Checkouts Full call number Barcode Date last seen Date checked out Price effective from Koha item type
    Dewey Decimal Classification     General Text Book Central University Of Rajasthan Central University Of Rajasthan 08/12/2015 ECO 1 362.20425 S13S 25199 13/02/2026 03/02/2026 02/09/2020 Books